[Event "Soacha op-A"]
[Site "Soacha"]
[Date "2021.09.11"]
[Round "8"]
[White "Leal Cortes, Diego Fernando"]
[Black "Negron Lizarazo, Juan Sebastian"]
[Result "1-0"]
[WhiteElo "1843"]
[BlackElo "1488"]
[PlyCount "45"]
[EventDate "2021.09.08"]
[EventType "swiss"]
[EventRounds "10"]
[EventCountry "COL"]
[SourceTitle "CBM 204 Extra"]
[Source "ChessBase"]
[SourceDate "2021.11.30"]
[SourceVersion "1"]
[SourceVersionDate "2021.11.30"]
[SourceQuality "1"]

1. e4 c5 2. Nf3 g6 3. c3 Bg7 4. d4 cxd4 5. cxd4 d6 6. Nc3 Nd7 7. Bc4 Ngf6 8. 0-0 0-0 9. e5 dxe5 10. dxe5 Ng4 11. e6 Nde5 12. exf7+ Nxf7 13. Bxf7+ Kxf7 14. Qb3+ Ke8 15. Re1 Qd6 16. Nb5 Qc5 17. Be3 Nxe3 18. Rac1 Qh5 19. Nc7+ Kd8 20. Qxe3 Rf7 21. Nxa8 Bh6 22. Rxc8+ Kxc8 23. Qe6+ 1-0

[Event "Soacha op-A"]
[Site "Soacha"]
[Date "2021.09.08"]
[Round "1"]
[White "Leal Cortes, Diego Fernando"]
[Black "Ruiz Aguilar, Pablo Alexander"]
[Result "0-1"]
[WhiteElo "1843"]
[BlackElo "2203"]
[PlyCount "68"]
[EventDate "2021.09.08"]
[EventType "swiss"]
[EventRounds "10"]
[EventCountry "COL"]
[SourceTitle "CBM 204 Extra"]
[Source "ChessBase"]
[SourceDate "2021.11.30"]
[SourceVersion "1"]
[SourceVersionDate "2021.11.30"]
[SourceQuality "1"]

1. e4 c5 2. Nf3 e6 3. d4 cxd4 4. Nxd4 a6 5. Bd3 Nc6 6. Nxc6 bxc6 7. 0-0 e5 8. c4 Nf6 9. Be3 Rb8 10. b3 a5 11. Nc3 Bb4 12. Na4 d5 13. cxd5 cxd5 14. exd5 Nxd5 15. Ba7 Rb7 16. Bc5 Bxc5 17. Nxc5 Rc7 18. Bb5+ Ke7 19. Rc1 Nf4 20. Qf3 Qd5 21. Qxd5 Nxd5 22. Na4 Be6 23. Rxc7+ Nxc7 24. Be2 Rd8 25. Rd1 Rd4 26. Kf1 Nd5 27. Rxd4 exd4 28. Nc5 Nb4 29. a4 Bd5 30. Bc4 Bc6 31. Nd3 Nxd3 32. Bxd3 Kd6 33. f3 Bd5 34. Bc2 Kc5 0-1

[Event "COL-ch U2000"]
[Site "Moniquira"]
[Date "2019.07.19"]
[Round "1"]
[White "Leal Cortes, Diego Fernando"]
[Black "Mena, Yamil Octavio"]
[Result "1-0"]
[WhiteElo "1862"]
[BlackElo "1976"]
[PlyCount "75"]
[EventDate "2018.07.19"]
[EventType "swiss"]
[EventRounds "7"]
[EventCountry "COL"]
[SourceTitle "EXT 2021"]
[Source "ChessBase"]
[SourceDate "2020.10.23"]
[SourceVersion "1"]
[SourceVersionDate "2020.10.23"]
[SourceQuality "1"]

1. e4 e5 2. Nf3 Nc6 3. Bb5 a6 4. Ba4 Be7 5. 0-0 b5 6. Bb3 Nf6 7. d4 d6 8. c3 0-0 9. h3 Bb7 10. Re1 Nd7 11. Nbd2 Na5 12. Bc2 c5 13. d5 f5 14. b4 cxb4 15. cxb4 Nc4 16. exf5 Bxd5 17. Be4 Bxe4 18. Nxe4 Rxf5 19. a4 Kh8 20. Nc3 bxa4 21. Qd3 Rxf3 22. Qxf3 Ndb6 23. Nxa4 Nxa4 24. Rxa4 d5 25. Be3 Nb2 26. Ra5 d4 27. Bxd4 Bxb4 28. Rd5 Qg8 29. Rexe5 Nc4 30. Rg5 Nd2 31. Qh5 Rc8 32. Bxg7+ Qxg7 33. Rxg7 Rc1+ 34. Kh2 Nf1+ 35. Kg1 Ng3+ 36. Qd1 Kxg7 37. fxg3 Rxd1+ 38. Rxd1 1-0

[Event "COL-ch"]
[Site "Bogota"]
[Date "2018.11.09"]
[Round "5"]
[White "Cabiativa, Juan Esteban"]
[Black "Leal Cortes, Diego Fernando"]
[Result "0-1"]
[WhiteElo "1321"]
[BlackElo "1884"]
[PlyCount "74"]
[EventDate "2018.11.06"]
[EventType "swiss"]
[EventRounds "9"]
[EventCountry "COL"]
[SourceTitle "CBM 187 Extra"]
[Source "ChessBase"]
[SourceDate "2018.11.04"]
[SourceVersion "1"]
[SourceVersionDate "2018.11.04"]
[SourceQuality "1"]

1. c4 Nf6 2. Nc3 c6 3. g3 d5 4. cxd5 cxd5 5. d4 Nc6 6. Bg2 e6 7. Nf3 Bd6 8. 0-0 0-0 9. Nb5 Bb8 10. a3 a6 11. Nc3 Bd6 12. Bg5 h6 13. Bxf6 Qxf6 14. Na4 b5 15. Nb6 Rb8 16. Nxc8 Rfxc8 17. b4 a5 18. bxa5 Nxa5 19. e3 Nc4 20. Qb3 Qd8 21. Rfd1 Qa5 22. Rd3 b4 23. a4 Qa6 24. Rdd1 Na5 25. Qb2 Rc3 26. Nd2 Rbc8 27. Bf1 Qc6 28. Bb5 Qc7 29. Ba6 Ra8 30. Bb5 Rc2 31. Qb1 Qc3 32. Rc1 Rc8 33. Rxc2 Qxc2 34. Qe1 b3 35. Ba6 Rc7 36. Rb1 Bb4 37. Kg2 Bxd2 0-1

[Event "COL-ch"]
[Site "Bogota"]
[Date "2018.11.09"]
[Round "6"]
[White "Leal Cortes, Diego Fernando"]
[Black "Camargo, Maicol Indurain"]
[Result "0-1"]
[WhiteElo "1884"]
[BlackElo "1726"]
[PlyCount "68"]
[EventDate "2018.11.06"]
[EventType "swiss"]
[EventRounds "9"]
[EventCountry "COL"]
[SourceTitle "CBM 187 Extra"]
[Source "ChessBase"]
[SourceDate "2018.11.04"]
[SourceVersion "1"]
[SourceVersionDate "2018.11.04"]
[SourceQuality "1"]

1. d4 Nf6 2. Bf4 g6 3. e3 Bg7 4. h3 c5 5. Nf3 0-0 6. Be2 Qb6 7. Qc1 Nc6 8. c3 d5 9. 0-0 c4 10. Nbd2 Bf5 11. g4 Bd3 12. Bxd3 cxd3 13. Ne5 Nxe5 14. Bxe5 Nd7 15. Bxg7 Kxg7 16. Qb1 e5 17. Qxd3 e4 18. Qc2 h5 19. f4 hxg4 20. hxg4 Nf6 21. g5 Ng4 22. Rae1 Rh8 23. Nb3 Rh4 24. Qg2 Rah8 25. f5 a5 26. f6+ Kg8 27. Re2 Qc7 28. Nc1 Rh3 29. Rf4 Nxe3 30. Rxe3 Rxe3 31. Qf2 Re1+ 32. Qxe1 Qxf4 33. Ne2 Qf3 34. Ng3 Rh3 0-1

[Event "COL-ch U26"]
[Site "Medellin"]
[Date "2018.10.19"]
[Round "3"]
[White "Olarte Parra, Jhoan Sebastian"]
[Black "Leal Cortes, Diego Fernando"]
[Result "1-0"]
[WhiteElo "1990"]
[BlackElo "1883"]
[PlyCount "95"]
[EventDate "2018.10.18"]
[EventType "swiss"]
[EventRounds "6"]
[EventCountry "COL"]
[SourceTitle "CBM 187 Extra"]
[Source "ChessBase"]
[SourceDate "2018.11.04"]
[SourceVersion "1"]
[SourceVersionDate "2018.11.04"]
[SourceQuality "1"]

1. e4 e6 2. d4 d5 3. Nd2 dxe4 4. Nxe4 Bd7 5. Nf3 Bc6 6. Bd3 Nd7 7. Bf4 Ngf6 8. Qe2 Nxe4 9. Bxe4 Bxe4 10. Qxe4 c6 11. 0-0-0 Nf6 12. Qe2 Bd6 13. Bg5 h6 14. Bh4 g5 15. Bg3 Nd5 16. c4 Nf4 17. Bxf4 Bxf4+ 18. Kb1 0-0 19. g3 Bd6 20. h4 g4 21. Ne5 h5 22. Qe3 Kg7 23. c5 Bc7 24. Rhe1 Qf6 25. f3 gxf3 26. Rf1 Bxe5 27. dxe5 Qg6+ 28. Ka1 f6 29. Rxf3 fxe5 30. Qxe5+ Kg8 31. Re3 Rae8 32. a3 Rf5 33. Qd6 Rd5 34. Rxd5 cxd5 35. Re5 Qf7 36. Rg5+ Kh7 37. Qf4 Qxf4 38. gxf4 Kh6 39. b4 Rf8 40. Re5 Rf6 41. b5 Kg7 42. Rg5+ Kf7 43. Rxh5 Rxf4 44. Rh7+ Ke8 45. Rxb7 Rc4 46. c6 a6 47. bxa6 Rxc6 48. a7 1-0

[Event "Bogota AlphaZero op"]
[Site "Bogota"]
[Date "2018.08.19"]
[Round "5"]
[White "Leal Cortes, Diego Fernando"]
[Black "Galeano Tinjaca, Hector Henry"]
[Result "1-0"]
[WhiteElo "1883"]
[BlackElo "1532"]
[PlyCount "49"]
[EventDate "2018.08.17"]
[EventType "swiss"]
[EventRounds "7"]
[EventCountry "COL"]
[SourceTitle "CBM 186 Extra"]
[Source "ChessBase"]
[SourceDate "2018.08.24"]
[SourceVersion "1"]
[SourceVersionDate "2018.08.24"]
[SourceQuality "1"]

1. e4 c5 2. Nf3 g6 3. c3 Bg7 4. d4 cxd4 5. cxd4 e6 6. Nc3 a6 7. Be2 Ne7 8. 0-0 0-0 9. Bf4 d5 10. e5 Nbc6 11. Qd2 b5 12. Rac1 Bb7 13. Bh6 Nf5 14. Bxg7 Kxg7 15. Rfd1 Rc8 16. g4 Nh4 17. g5 Nxf3+ 18. Bxf3 Ne7 19. Qf4 Nf5 20. Ne2 Rxc1 21. Rxc1 Rh8 22. Ng3 Nxg3 23. Qf6+ Qxf6 24. exf6+ Kf8 25. hxg3 1-0

[Event "COL pre olympic sf1"]
[Site "Medellin"]
[Date "2016.03.25"]
[Round "6"]
[White "Leal Cortes, Diego Fernando"]
[Black "Cruz Beltran, Andres Euclides"]
[Result "1-0"]
[WhiteElo "1903"]
[BlackElo "1733"]
[PlyCount "63"]
[EventDate "2016.03.22"]
[EventType "swiss"]
[EventRounds "9"]
[EventCountry "COL"]
[SourceTitle "CBM 171 Extra"]
[Source "ChessBase"]
[SourceDate "2016.04.26"]
[SourceVersion "1"]
[SourceVersionDate "2016.04.26"]
[SourceQuality "1"]

1. e4 e5 2. Nf3 Nc6 3. Bb5 a6 4. Ba4 Nf6 5. d4 Nxe4 6. dxe5 b5 7. Bb3 Nc5 8. Bd5 Bb7 9. 0-0 Be7 10. Be3 0-0 11. Nc3 Re8 12. Bxc5 Bxc5 13. Bxf7+ Kxf7 14. Qd5+ Re6 15. Qxc5 Rg6 16. Rfe1 Nb4 17. e6+ Kg8 18. e7 Qe8 19. Ne4 Nd5 20. Rad1 d6 21. Qa3 Nxe7 22. Qb3+ Kh8 23. Neg5 Qf8 24. Nf7+ Kg8 25. N7e5+ Kh8 26. Nxg6+ Nxg6 27. Ng5 h6 28. Qd3 Qf6 29. Re6 Qxg5 30. Rxg6 Qe7 31. Qc3 Re8 32. Rxh6+ 1-0

[Event "Bogota Distrital qual"]
[Site "Bogota"]
[Date "2016.03.20"]
[Round "5"]
[White "Leal Cortes, Diego Fernando"]
[Black "Gomez, Maria Helena"]
[Result "1-0"]
[WhiteElo "1903"]
[BlackElo "1705"]
[PlyCount "91"]
[EventDate "2016.03.18"]
[EventType "swiss"]
[EventRounds "6"]
[EventCountry "COL"]
[SourceTitle "CBM 171 Extra"]
[Source "ChessBase"]
[SourceDate "2016.04.26"]
[SourceVersion "1"]
[SourceVersionDate "2016.04.26"]
[SourceQuality "1"]

1. e4 c5 2. Nf3 g6 3. d4 Bg7 4. c4 cxd4 5. Nxd4 Nc6 6. Be3 d6 7. Nc3 Nf6 8. Be2 0-0 9. 0-0 Bd7 10. Nb3 Rc8 11. f4 a6 12. Bf3 Na5 13. Nxa5 Qxa5 14. Qb3 b5 15. cxb5 axb5 16. e5 dxe5 17. fxe5 Ng4 18. Nd5 Rce8 19. Bb6 Qd2 20. Rad1 Qh6 21. Bxg4 Bxg4 22. Rde1 Qh5 23. Nf4 Qg5 24. Qxb5 h5 25. a4 h4 26. h3 Bf5 27. a5 Bh6 28. a6 Qg3 29. Re3 Qg5 30. a7 f6 31. Nd5 fxe5 32. Nc7 Rc8 33. a8Q Rxa8 34. Nxa8 Rxa8 35. Qd5+ Kh7 36. Qxa8 Qf6 37. Rb3 Qe6 38. Qf3 e4 39. Qc3 Bg7 40. Qb4 e3 41. Rxe3 Qf6 42. Rxe7 Kh6 43. Be3+ Kh5 44. Rf4 g5 45. Rxf5 Qxf5 46. Rxg7 1-0

[Event "COL-ch"]
[Site "Ibague"]
[Date "2013.07.03"]
[Round "5"]
[White "Lotero, Faiber"]
[Black "Leal Cortes, Diego Fernando"]
[Result "1-0"]
[WhiteElo "2177"]
[BlackElo "1901"]
[PlyCount "57"]
[EventDate "2013.07.01"]
[EventType "swiss"]
[EventRounds "11"]
[EventCountry "COL"]
[SourceTitle "EXT 2014"]
[Source "ChessBase"]
[SourceDate "2013.11.20"]
[SourceVersion "1"]
[SourceVersionDate "2013.11.20"]
[SourceQuality "1"]

1. Nc3 c6 2. Nf3 d5 3. e4 Bg4 4. h3 Bxf3 5. Qxf3 e6 6. d4 Bb4 7. a3 Bxc3+ 8. bxc3 Qf6 9. Qg3 h6 10. Qc7 Qd8 11. Qxb7 Nd7 12. Qxc6 Ne7 13. Qd6 0-0 14. exd5 Nxd5 15. c4 N5f6 16. Bd3 Nb6 17. Qxd8 Rfxd8 18. Be3 Rac8 19. c5 Nbd5 20. 0-0 e5 21. dxe5 Nxe3 22. fxe3 Nd7 23. Bf5 g6 24. e6 gxf5 25. exd7 Rxd7 26. Rxf5 Rdc7 27. Raf1 Rxc5 28. Rxf7 Rxc2 29. Rxa7 1-0

[Event "Bogota McGregor op 3rd"]
[Site "Bogota"]
[Date "2012.12.15"]
[Round "6"]
[White "Pardo, Alejandro"]
[Black "Leal Cortes, Diego Fernando"]
[Result "1-0"]
[WhiteElo "2214"]
[BlackElo "1889"]
[PlyCount "87"]
[EventDate "2012.12.12"]
[EventType "swiss"]
[EventRounds "9"]
[EventCountry "COL"]
[SourceTitle "EXT 2014"]
[Source "ChessBase"]
[SourceDate "2013.11.20"]
[SourceVersion "1"]
[SourceVersionDate "2013.11.20"]
[SourceQuality "1"]

1. e4 c6 2. d4 d5 3. Nd2 dxe4 4. Nxe4 Nd7 5. Nf3 Ngf6 6. Bd3 Nxe4 7. Bxe4 Nf6 8. Bd3 Bg4 9. c3 e6 10. Qe2 Bd6 11. Bd2 Qc7 12. h3 Bh5 13. 0-0-0 0-0-0 14. Kb1 c5 15. dxc5 Bxc5 16. Bc2 Nd5 17. Ka1 Nf4 18. Bxf4 Qxf4 19. Qb5 Bxf3 20. Qxc5+ Bc6 21. Qxa7 Bxg2 22. Rhg1 Bf3 23. Rde1 g6 24. Bb3 Bc6 25. Rg4 Qb8 26. Qe3 Rd6 27. a3 Rhd8 28. Ba4 Rd3 29. Qh6 Bxa4 30. Rxa4 Rd1+ 31. Rxd1 Rxd1+ 32. Ka2 Qd6 33. Qxh7 Qd5+ 34. c4 Qd3 35. Rb4 Qb1+ 36. Kb3 Rd3+ 37. Ka4 Qd1+ 38. b3 Qf3 39. Qh8+ Kd7 40. Qe5 Qc6+ 41. Qb5 Qxb5+ 42. Rxb5 Kc6 43. Re5 Rxh3 44. b4 1-0